000 00385nam a2200145Ia 4500
008 220217s9999||||xx |||||||||||||| ||und||
020 _a9788126559626
082 _a627.5 BUD
100 _aBudhu, Muni
_99743
245 0 _aSoil mechanics and foundations
250 _a3rd
260 _aWiley india
_bNew Delhi
_c2016
300 _aXVI, 761p.
_b995
650 _aSOIL ENGINEERING
999 _c187280
_d187280